000 00916cam a2200301 4500
001 J3657
008 090401t1996 xxu||||| |||| 00| 0 eng d
035 _a(Sirsi) u56290
041 _aeng
050 _a658.47
110 _aLibrary Association
_918
245 _aInformation as an asset : the Library Association`s response to the KPMG-IMPACT programme on the management of information assets.
260 _aLondon
_bLibrary Association
_c1996
300 _a7p. ; 30cm.
350 _a0
650 _aASSETS
650 _aHAWLEY REPORT
650 _aINFORMATION AS AN ASSET
650 _aINFORMATION ASSETS
650 _aMANAGEMENT-BUSINESS MANAGEMENT-INFORMATION MANAGEMENT
650 _aKPMG IMPACT PROGRAMME
650 _aKPMG
650 _aORGANISATIONS
650 _aValuation
_96273
690 _aMANAGEMENT-BUSINESS MANAGEMENT-PROFESSIONAL PRACTICE
942 _n0
948 _c04/03/1997
999 _c93766
_d93766